El jardín de hielo : (Record no. 148323)

MARC details
000 -CABECERA
campo de control de longitud fija 00666nam a2200217 u 4500
005 - FECHA Y HORA DE LA ÚLTIMA TRANSACCIÓN
campo de control 20220610063500.0
008 - ELEMENTOS DE LONGITUD FIJA--INFORMACIÓN GENERAL
campo de control de longitud fija 100531s2000 r 000 0 eng d
020 ## - NÚMERO INTERNACIONAL NORMALIZADO PARA LIBROS
Número Internacional Estándar del Libro 8426131786
035 ## - NÚMERO DE CONTROL DEL SISTEMA
Número de control de sistema UPN01000176220
049 ## - COLECCIÓN
Colección CG
050 #4 - SIGNATURA TOPOGRÁFICA DE LA BIBLIOTECA DEL CONGRESO
Número de clasificación G470
Número de documento/Ítem R6.4
100 1# - ASIENTO PRINCIPAL--NOMBRE PERSONAL
Nombre de persona Romero, Josep Maria,
Fechas asociadas al nombre 1956-
245 13 - MENCIÓN DE TÍTULO
Título El jardín de hielo :
Resto del título el primer velero español en la Antártida /
Mención de responsabilidad, etc. Josep María Romero.
260 ## - PUBLICACIÓN, DISTRIBUCIÓN, ETC.
Lugar de publicación, distribución, etc. Barcelona, Esp. :
Nombre del editor, distribuidor, etc. Juventud,
Fecha de publicación, distribución, etc. 2000.
300 ## - DESCRIPCIÓN FÍSICA
Extensión 157 p. :
Otras características físicas il. col.
440 #0 - MENCIÓN DE SERIE/ASIENTO SECUNDARIO--TÍTULO
Título Viajes y expediciones
650 #0 - ASIENTO SECUNDARIO DE MATERIA - TERMINO TEMATICO
Término de materia o nombre geográfico como elemento de entrada Viajes y travesías
9 (RLIN) 11045
650 #4 - ASIENTO SECUNDARIO DE MATERIA - TERMINO TEMATICO
Término de materia o nombre geográfico como elemento de entrada VIAJES MARITIMOS
9 (RLIN) 17573
651 #4 - ASIENTO SECUNDARIO DE MATERIA - NOMBRE GEOGRAFICO
Nombre geográfico REGIONES ANTARTICAS
9 (RLIN) 17880
905 ## - TIPO DE MATERIAL
Tipo de material Libro
Holdings
Estado de retiro Estado de pérdida Fuente del sistema de clasificación o colocación Estado dañado No para préstamo Código de colección Localización permanente Ubicación/localización actual Ubicación en estantería Total de préstamos Clasificación Código de barras Fecha visto por última vez Número de copia Tipo de ítem Koha
    Library of Congress Classification     Colección General Bib. Gregorio Torres Quintero Bib. Gregorio Torres Quintero Planta baja 1 G470 R6.4 273752 31/12/2020 1 Libro